Evangelista del mar Pacífico, Fray Junípero Serra, padre y fundador de la Alta California : (Record n. 34089)

Dettagli MARC
000 -LEADER
fixed length control field 01092nam a2200241 i 4500
003 - CONTROL NUMBER IDENTIFIER
control field IT-RoINE
005 - DATE AND TIME OF LATEST TRANSACTION
control field 20200305091441.0
008 - FIXED-LENGTH DATA ELEMENTS--GENERAL INFORMATION
fixed length control field 960922s1944 sp a r |bspa d
040 ## - CATALOGING SOURCE
Original cataloging agency SpMaBN
Language of cataloging spa
Transcribing agency CDM IT-RoINE
Modifying agency IT-RoINE
100 1# - MAIN ENTRY--PERSONAL NAME
Personal name Palou, Francisco,
Dates associated with a name 1723-1789
9 (RLIN) 67119
240 10 - UNIFORM TITLE
Uniform title Relación histórica de la vida y apostólicas tareas del venerable padre Fray Junípero Serra
245 10 - TITLE STATEMENT
Title Evangelista del mar Pacífico, Fray Junípero Serra, padre y fundador de la Alta California :
Remainder of title reproducción textual de la Relación histórica de la vida y apostólicas tareas del V. Padre fray Junípero Serra ... /
Statement of responsibility, etc Francisco Palóu ; prólogo de Lorenzo Riber.
260 ## - PUBLICATION, DISTRIBUTION, ETC. (IMPRINT)
Place of publication, distribution, etc Madrid :
Name of publisher, distributor, etc M. Aguilar,
Date of publication, distribution, etc 1944.
300 ## - PHYSICAL DESCRIPTION
Extent XXVIII, 317 p., [3] h. de lám. :
Other physical details il. ;
Dimensions 20 cm.
336 ## - CONTENT TYPE
Source rdacontent
Content type term text
337 ## - MEDIA TYPE
Source rdamedia
Media type term unmediated
338 ## - CARRIER TYPE
Source rdacarrier
Carrier type term volume
490 1# - SERIES STATEMENT
Series statement España misionera ;
Volume number/sequential designation 1
600 04 - SUBJECT ADDED ENTRY--PERSONAL NAME
Personal name Junípero Serra,
Titles and other words associated with a name Santo,
Dates associated with a name 1713-1784
9 (RLIN) 415
General subdivision Biografía
700 1# - ADDED ENTRY--PERSONAL NAME
9 (RLIN) 482
Personal name Riber, Llorenç,
Dates associated with a name 1881-1958
830 #0 - SERIES ADDED ENTRY--UNIFORM TITLE
Uniform title España misionera ;
9 (RLIN) 67120
Volume number/sequential designation 1
942 ## - ADDED ENTRY ELEMENTS (KOHA)
Item type Monografías
Dati di copia
Withdrawn status Lost status Damaged status Not for loan Home library Current library Date acquired Total Checkouts Full call number Barcode Date last seen Price effective from Koha item type
        Iglesia Nacional Española en Roma Iglesia Nacional Española en Roma 05/03/2020   BIO 2740 61755 05/03/2020 05/03/2020 Monografías